Outline of physical anthropology / (Record no. 127770)
[ view plain ]
| 000 -LEADER | |
|---|---|
| fixed length control field | 00626nam a22002177a 4500 |
| 005 - DATE AND TIME OF LATEST TRANSACTION | |
| control field | 20181218163307.0 |
| 010 ## - LCCN (DPL NO) | |
| LC control number | A-896202 |
| 020 ## - INTERNATIONAL STANDARD BOOK NUMBER | |
| Terms of availability | 65.00 |
| 035 ## - SYSTEM CONTROL NUMBER | |
| System control number | A-896202 |
| 037 ## - SOURCE OF ACQUISITION | |
| Source of stock number/acquisition | Cen Lib/Ret |
| 082 ## - DEWEY DECIMAL CLASSIFICATION NUMBER | |
| Classification number | 573 |
| Item number | DAS |
| 100 ## - MAIN ENTRY--PERSONAL NAME | |
| Personal name | Das, B. M |
| 245 ## - TITLE STATEMENT | |
| Title | Outline of physical anthropology / |
| Statement of responsibility, etc | by B. M. Das |
| 260 ## - PUBLICATION, DISTRIBUTION, ETC. (IMPRINT) | |
| Place of publication, distribution, etc | Allahabad |
| Name of publisher, distributor, etc | Kitab Mahal |
| Date of publication, distribution, etc | 1998 |
| 270 ## - ADDRESS | |
| Address | 84, K. P. Kakkar Marg |
| City | Allahabad |
| Postal code | 211003 |
| 300 ## - PHYSICAL DESCRIPTION | |
| Extent | iv, 399p. : |
| Dimensions | 21cm(Hb) |
| Other physical details | ill. |
| 650 ## - SUBJECT ADDED ENTRY--TOPICAL TERM | |
| Topical term or geographic name as entry element | Anthropology-human skeleton |
| 650 ## - SUBJECT ADDED ENTRY--TOPICAL TERM | |
| Topical term or geographic name as entry element | Physical anthropology-historical background |
| 942 ## - ADDED ENTRY ELEMENTS (KOHA) | |
| Source of classification or shelving scheme | Dewey Decimal Classification |
| Item type | English Books |
| Classification part | 573 |
| Call number suffix | DAS |
| Withdrawn status | Lost status | Not for loan | Home library | Current library | Date acquired | Source of acquisition | Cost, normal purchase price | Full call number | Barcode | Copy number | Cost, replacement price | Koha item type |
|---|---|---|---|---|---|---|---|---|---|---|---|---|
| Central Library | Central Library | 30/06/2015 | Cen Lib/Ret | 65.00 | 573 DAS | A-896202 | 1 | 65.00 | English Books |
